| 000 | 00929nam a22002777a 4500 | ||
|---|---|---|---|
| 001 | 9757 | ||
| 003 | FISKH | ||
| 005 | 20260206121642.0 | ||
| 008 | 260206b cb ||||| |||| 00| 0 eng d | ||
| 020 | _a9780545349246 | ||
| 040 |
_aFISKH _beng _cFISKH _dFISKH |
||
| 050 | _aPZ7 .S96694 .L | ||
| 082 | _a813.6 | ||
| 100 | _aSutherland, Tui T. | ||
| 245 |
_aThe lost heir / _cTui T. Sutherland |
||
| 260 |
_aNew York : _bScholastic, _c2012 |
||
| 300 |
_a296 pages : _billustrations ; _c20 cm |
||
| 490 |
_aWings of Fire : _vBook Two |
||
| 505 | _aR | ||
| 520 | _aOverjoyed to be reunited with her fellow ocean-dwelling dragons, Tsunami the SeaWing continues efforts to end the war for Pyrrhia in spite of a dangerous assassin who is threatening all their lives. | ||
| 521 | 8 |
_a750
_bLexile |
|
| 521 | 8 |
_aR
_bRaz-Plus |
|
| 650 |
_aAdventure _vJuvenile Fiction _xFantasy |
||
| 942 |
_2ddc _cBK _n0 |
||
| 999 |
_c9757 _d9757 |
||